Patologie a therapie nemocí vnitřních, J. Pelnář

Bibliographic Details
Main Author: Nosáľ (Author)
Format: Article
Language:Slovak

MARC

LEADER 00000nab a2200000ua 4500
001 vtls010757318
003 SK-MaSNL
005 20260304202307.0
008 250718s1949 xo |||||||||||||||||slo|
035 |a (urnnbn)urn:nbn:sk:snk:ar-a03klh 
035 |a (uuid)77ab3ed5-6b1f-4dcb-be90-9ae448d68b36 
035 |a urn:nbn:sk:snk-ab5c0n 
040 |a SNKBUCL  |b slo  |c SNKBUCL  |e AACR2 
041 0 |a slo 
044 |a xo  |c SK 
100 1 |a Nosáľ  |4 aut  |9 1534277 
245 1 0 |a Patologie a therapie nemocí vnitřních, J. Pelnář  |c Nosáľ 
773 0 |t Bratislavské lekárske listy  |g Roč. 29, č. 1 (1949), s. 144 
850 |a Slovenská národná knižnica 
852 |a Slovenská národná knižnica 
954 |a odborná, vedecká literatúra pôvodná (slovenská)  |2 lita 
958 |a article3 
958 |a OND 
958 |a EUIPO 
999 |c 3102001  |d 3103931